000
00289nam a22001097a 4500
040
_c
DLC
082
_a
951
_b
CRO
245
_a
The Rapid Development of China's High-speed Railways /
260
_a
Beijing
_b
China Railway Publishing House
_c
2015
300
_a
various pages
942
_2
ddc
_c
BK
999
_c
587888
_d
587888